|
|
|
|
| LEADER |
00800cam a2200241 7i4500 |
| 001 |
0000050431 |
| 005 |
20170218090000.0 |
| 020 |
|
|
|a 9789834711962 (pbk.)
|
| 090 |
0 |
0 |
|a HF5691
|b .N67 2014
|
| 100 |
0 |
|
|a Norlia Abd. Rashid
|
| 245 |
1 |
0 |
|a Business mathematics
|c Norlia Abd. Rashid, Noorul' Ashikin Md. Salih, Lau Too Kya.
|
| 250 |
|
|
|a 2nd ed.
|
| 260 |
|
|
|a Shah Alam, Selangor:
|b Oxford Fajar Sdn. Bhd.,
|c 2014.
|
| 300 |
|
|
|a viii, 279 p.:
|b ill.;
|c 25 cm.
|
| 490 |
0 |
|
|a Polytechnic series
|
| 650 |
0 |
0 |
|a Business Mathematics
|
| 650 |
0 |
0 |
|a Business mathematics
|
| 700 |
3 |
|
|a Lau, Too Kya
|
| 700 |
0 |
|
|a Noorul' Ashikin Md. Salih
|
| 997 |
|
|
|a Business & Accountancy, Faculty
|
| 998 |
|
|
|a Accountancy, Degree
|
| 998 |
|
|
|a Accountancy, Diploma
|
| 999 |
|
|
|a 0000059056
|b BOK
|c OPEN SHELF
|e 1st Floor, Shah Alam
|